000 01026nam a2200289 u 4500
001 000054353
005 20200120222831.0
008 130522s2003 sp gr 000 0 spa d
020 _a8467011092.
041 0 _a/spa
043 _an-us---
082 0 4 _aR 323.403
_bV14
_221
100 1 _aValencia Villa, Hernando,
_d1949-
245 1 0 _aDiccionario Espasa :
_bderechos humanos /
_cHernando Valencia Villa ; prólogo de Baltasar Garzón.
250 _a1a. ed.
260 _aMadrid :
_bEspasa,
_c2003.
300 _a452 p. :
_bfots., byn.
490 0 _aEl Club Diógenes ;
_v45
500 _aEj.1 de Mosquera donado por la Biblioteca Nacional - PNLB 2012.
500 _aUn diccionario esencial para comprender el universo de los derechos humanos.
504 _aIncluye bibliografía
650 1 7 _aDerechos humanos
_vDiccionarios
_2LEMB
650 2 7 _aDerechos civiles
_vDiccionarios
_2LEMB.
650 2 7 _aLibertades civiles
_vDiccionarios
_2LEMB
650 2 7 _aDerechos humanos
_2LEMB.
700 1 _aGarzón, Baltazar,
_d1940-
999 _c3951
_d3951